000 01114nam a22003137a 4500
003 DO-SdBNP
005 20180201142636.0
008 151103b sp 1987 ||||| |||| 00| 0 spa d
020 _a8475254527
040 _aBPMSU
_bspa
_cBPMSU
041 1 7 _aspa
_heng
100 1 0 _aStevenson, Robert Louis,
_d1850-1894
240 1 0 _aIsland nights' entertainments.
_lEspañol
245 1 0 _aNoches en la isla /
_cRobert Louis Stevenson ; traducción, María Eugenia Santidrián ; apéndice, Mariano Navarro ; ilustración, Lorenzo Jalón.
260 _aMadrid, España :
_bAnaya,
_c1987.
300 _a205 p. :
_3il.,
_c20 cm.
490 1 _aTus libros
490 1 _aAventuras
_v77
504 _aIncluye notas y referencias bibliográficas al pie de las páginas
504 _aBibliografías : p. 204-205
505 0 _tLa playa de Falesá --
_tEl diablo embotellado --
_tLa isla de las voces.
700 1 0 _aSantidrián, María Eugenia,
_dtr.
700 1 0 _aJalón, Lorenzo,
_dil.
830 0 _aTus libros
830 0 _aAventuras
_n77
942 _2ddc
_cBK
945 _aInventariado, 2018 /LP
956 _aLOPEREZ
_b10
999 _c8519
_d8519